| 000 -LEADER |
| fixed length control field |
00787nam a2200181 4500 |
| 005 - DATE AND TIME OF LATEST TRANSACTION |
| control field |
20190508203117.0 |
| 008 - FIXED-LENGTH DATA ELEMENTS--GENERAL INFORMATION |
| fixed length control field |
190508b2018 ру ||||| |||| 00| 0 рус d |
| 022 ## - INTERNATIONAL STANDARD SERIAL NUMBER |
| International Standard Serial Number |
2072-9669 |
| 041 ## - LANGUAGE CODE |
| Language code of text/sound track or separate title |
рус |
| 245 ## - TITLE STATEMENT |
| Title |
Хранение и переработка сельхозсырья : |
| Remainder of title |
2018 : Биотехнологии :Жизнесберегающие системы :Функциональное питание / |
| Statement of responsibility, etc. |
Гл.ред.:Балыхин М. Г. |
| 260 ## - PUBLICATION, DISTRIBUTION, ETC. |
| Place of publication, distribution, etc. |
Москжа, |
| Date of publication, distribution, etc. |
2018. |
| 300 ## - PHYSICAL DESCRIPTION |
| Extent |
V. |
| 653 ## - INDEX TERM--UNCONTROLLED |
| Uncontrolled term |
ბიოტეხნოლოგია |
| 653 ## - INDEX TERM--UNCONTROLLED |
| Uncontrolled term |
Хранение и переработка сельхозсырья N 4 2018. |
| 653 ## - INDEX TERM--UNCONTROLLED |
| Uncontrolled term |
периодика |
| 700 ## - ADDED ENTRY--PERSONAL NAME |
| Personal name |
Балыхин М. Г. |
| Relator term |
Главный редактор |
| 9 (RLIN) |
917 |
| 942 ## - ADDED ENTRY ELEMENTS (KOHA) |
| Source of classification or shelving scheme |
|
| Koha item type |
პერიოდიკა |